Δομή και δυναμική των ζωοπλαγκτονικών κοινοτήτων στα υγροτοπικά οικοσυστήματα των αλυκών Καλλονής Λέσβου : πτυχιακή εργασία

Αποθηκεύτηκε σε:
Λεπτομέρειες βιβλιογραφικής εγγραφής
Κύριος συγγραφέας: Πρωτοπαπά, Μαρία
Συγγραφή απο Οργανισμό/Αρχή: Πανεπιστήμιο Αιγαίου Σχολή Περιβάλλοντος Τμήμα Επιστημών της Θάλασσας
Άλλοι συγγραφείς: Κουτσούμπας, Δρόσος (Εισηγητής διατριβής)
Μορφή: Thesis Βιβλίο
Γλώσσα:Greek
Δημοσίευση: 2007
Θέματα:
Διαθέσιμο Online:http://hdl.handle.net/11610/7416
Ετικέτες: Προσθήκη ετικέτας
Δεν υπάρχουν, Καταχωρήστε ετικέτα πρώτοι!

MARC

LEADER 00000cam a2200000 i 4500
001 1/105814
008 090604s2007 gre d
035 |l 10104974 
040 |a GR-MY-UA  |b gre  |e aacr 
041 0 |a gre 
082 0 |a 577.7  |2 (22) 
100 1 |a Πρωτοπαπά, Μαρία. 
245 1 0 |a Δομή και δυναμική των ζωοπλαγκτονικών κοινοτήτων στα υγροτοπικά οικοσυστήματα των αλυκών Καλλονής Λέσβου :  |b πτυχιακή εργασία /  |c Πρωτοπαπά Μαρία ; [επιβλέποντες καθηγητές: Δ. Κουτσούμπας] 
260 |c 2007 
300 |a 122 σ.;  |b πιν., σχ., εικ.;  |c 30 εκ. 
500 |a Επίβλεψη: διευθύντρια ερευνων Ι. Σιώκου-Φράγκου, Ινστιτούτο Ωκεανογραφίας 
502 |a Πτυχιακή εργασία – Πανεπιστήμιο Αιγαίου, Λέσβος, 2007. 
504 |a Βιβλιογραφία: σ. 98-101 
650 0 0 |a Salt marsh ecology  |z Greece  |z Kallone (Lesbos Island) 
650 0 0 |a Marine biological diversity  |z Greece  |z Kallone (Lesbos Island) 
650 0 0 |a Zooplankton  |x Ecology. 
650 0 0 |a Zooplankton  |x Identification. 
650 0 0 |a Marine ecology  |z Greece  |z Kallone (Lesbos Island) 
650 0 0 |a Dissertations, Academic  |z Greece. 
700 1 |4 ths  |a Κουτσούμπας, Δρόσος. 
710 2 |a Πανεπιστήμιο Αιγαίου  |b Σχολή Περιβάλλοντος  |b Τμήμα Επιστημών της Θάλασσας. 
852 |a INST  |b LESVOS  |c DIATR  |e 20090604  |h 212  |p 005100045183  |q 005100045183  |t DIE  |y 23 
852 |a INST  |b LESVOS  |c DIATR  |e 20090604  |h 215  |p 005100045182  |q 005100045182  |t DIE  |y 23 
856 |u http://hdl.handle.net/11610/7416 
901 |a BIBL1-2009-2 
909 |a Λ  |b 137892 
909 |a Λ  |b 137891 
924 |a ΠΡΩΤΟΠΑΠΑ  |b ΜΑΡΙΑ  |y ΛΕΣΒΟΣ  |z 2007-11 
970 |a ΤΖΑΦΕΡΗ  |b ΕΥΑΓΓΕΛΙΑ  |z 2009/06/04